LIBRARY & INFORMATION CENTRE, KCAET, TAVANUR

ONLINE PUBLIC ACCESS CATALOGUE (OPAC)

Economics and politics of Indias socialist pattern / (Record no. 2093)

MARC details
000 -LEADER
fixed length control field 00437cam a2200157ua 4500
041 ## - LANGUAGE CODE
Language code of text/sound track or separate title eng
082 ## - DEWEY DECIMAL CLASSIFICATION NUMBER
Classification number 321.531
Item number EMS/ EC
100 ## - MAIN ENTRY--AUTHOR NAME
Personal name E M S, Nampoothiripad .
245 ## - TITLE STATEMENT
Title Economics and politics of Indias socialist pattern /
250 ## - EDITION STATEMENT
Edition statement 1 /
260 ## - PUBLICATION, DISTRIBUTION, ETC. (IMPRINT)
Place of publication New Delhi :
Name of publisher Peoples publishing house ,
Year of publication 1966.
300 ## - PHYSICAL DESCRIPTION
Number of Pages 415 ; .
942 ## - ADDED ENTRY ELEMENTS (KOHA)
Koha item type Books
Holdings
Withdrawn status Lost status Damaged status Home library Current library Date acquired Full call number Accession Number Koha item type
Withdrawn   Damaged KAUAET KAUAET 07/04/2012 321.531 10364 Books
free website counter